000 00343cam a22001097a 4500
008 180718b1958 xxu||||| |||| 00| 0 eng d
082 _aA45:W65x79494 1957
100 _aUnited States. Department of Airports
245 _aAnnual report, 1957-58
_cby Department of Airports
260 _aLos Angeles
_bDepartment of Airports
_c1958
300 _a22p.
999 _c504182
_d504182